LEADER 01963nam0 22004213i 450 001 PAL0132017 005 20251003044306.0 010 $a8815056858 100 $a20230103d1996 ||||0itac50 ba 101 | $aita$cita 102 $ait 181 1$6z01$ai $bxxxe 182 1$6z01$an 183 1$6z01$anc$2RDAcarrier 200 1 $aSotto lo stesso tetto$emutamenti della famiglia in Italia dal 15. al 20. secolo$fMarzio Barbagli 205 $aNuova ed 210 $aBologna$cIl mulino$d1996 215 $a553 p.$d22 cm. 225 | $aBiblioteca storica 410 0$1001CFI0001220$12001 $aBiblioteca storica 500 10$aSotto lo stesso tetto$3UBO4734953$9CFIV022069$965455 606 $aFamiglia$xItalia$xSec. 15.-20.$2FIR$3CFIC010054$9I 606 $aFamiglia$xItalia$xSec. 15.-20.$2FIR$3CFIC010054$9I 676 $a306.8$9CULTURA E ISTITUZIONI. Matrimonio e famiglia$v14 676 $a306.85$9FAMIGLIA$v21 676 $a306.850945$9FAMIGLIA. Italia$v21 700 1$aBarbagli$b, Marzio$3CFIV022069$4070$044623 801 3$aIT$bIT-000000$c20230103 850 $aIT-BN0095 $aIT-SA0200 $aIT-NA0079 $aIT-NA0075 901 $bNAP BN$cMAGAZZINO $nmagazzini correnti divisi per anni 901 $bNAP 63$cMOD $n$ 901 $bNAP 01$cPOZZO LIB.$nVi sono collocati fondi di economia, periodici di ingegneria e scienze, periodici di economia e statistica e altri fondi comprendenti documenti di economia pervenuti in dono. 901 $bNAP BN$cCOLL.L.Z. $nRaccolta leopardiana.Conservata presso la Sezione manoscritti e rari. Il fondo è escluso dal prestito 912 $aPAL0132017 950 0$aBiblioteca Centralizzata di Ateneo$c1 v.$d 01POZZO LIB.ECON MON 9302$e 0101 0000116585E VMA 1 v. (precedente collocazione: GUERRAZZI B 1950)$fB $h20091230$i20091230 977 $a 01$a 63$a BN$a GE 996 $aSotto lo stesso tetto$965455 997 $aUNISANNIO